LEADER 01037naa a2200217 u 4500 001 000000098555 003 CaOOAMICUS 005 20070226130155.0 008 050602s1989 it u000 u ita u 035 $a11048135 040 $aIAR$bita 100 1 $aTessitore, Fulvio.$0(OLS)http://pul/name/13024 245 10$aLinee di una storia dello storicismo da Humboldt a Dilthey /$cF. Tessitore. 260 $aPisa :$bScuola Normale,$c1989. 300 $aS. 1325-1410 ;$c25 cm 650 4$aStoricismo$xStoria e critica.$0(OLS)http://pul/subject/31473 730 0 $aAnnali della Scuola normale superiore di Pisa, Classe di lettere e filosofia$g[Spogli].$0(OLS)http://pul/title/24292 773 0 $tAnnali della Scuola Normale Superiore di Pisa$gSerie III, vol. XIX,4 (1989) 773 0 $tAnnali della Scuola normale superiore di Pisa, Classe di lettere e filosofia$w()16982 996 $6245$aLinee di una storia dello storicismo da Humboldt a Dilthey$9(OLS)http://pul/title/125431 996 $6260$aPisa :$bScuola Normale$9(OLS)http://pul/publisher/79182 LEADER 01129nam a2200277 a 4500 001 000000145774 003 CaOOAMICUS 005 20150915160058.0 008 150915s2004 it u000 u ita r 020 $a88-01-02912-8 040 $aPUL$bita 100 1 $aPollo, Mario.$0(OLS)http://pul/name/92268 245 10$aComunicazione educativa /$cMario Pollo. 260 $aLeumann (Torino) :$bElle Di Ci,$cİ2004. 300 $a167 p. ;$c21 cm 490 1 $aPastorale giovanile e animazione 650 4$aEducazione$xAspetti morali e religiosi.$0(OLS)http://pul/subject/651 650 4$aTeologia pastorale$xGiovani.$0(OLS)http://pul/subject/38629 830 0$aPastorale giovanile e animazione.$0(OLS)http://pul/title/184332 850 $aPUL 852 $aPUL$W1$xDP1 Fondo S. Lanza$y121$m4 A 48$j115722$qFondi$B169270$CPULBib$Z2$F169270 $HLan337 $82 941 1 $a1 996 $6020$a88-01-02912-8$9(OLS)http://pul/number/158625 996 $6245$aComunicazione educativa$9(OLS)http://pul/title/184333 996 $6260$aLeumann (Torino) :$bElle Di Ci$9(OLS)http://pul/publisher/53685